00389nam a2200133Ia 4500008004100000082001600041100001700057245002700074260001800101600001300119942000700132952009900139999001700238241002s9999 xx 000 0 und d a248.463 BUN aBunyan, John 4aThe Pilgrim's Progress aLondon:c1953 aReligion cUC 00104070aUITUbUITUd1994-01-01l0o248.463 BUNpUC590r2024-10-02 09:31:24w2024-10-02yUC c18917d18917